Desempenho da alface e da rúcula em diferentes concentrações de ferro na solução nutritiva (Registro n. 332246)
[ somente texto ]
| 000 -LÍDER | |
|---|---|
| fixed length control field | 04547nab a2200337 i 4500 |
| 003 - CÓDIGO MARC DA AGÊNCIA CATALOGADORA | |
| Campo de controle | BR-BrBNA |
| 005 - DATA E HORA DA ÚLTIMA ATUALIZAÇÃO | |
| Campo de controle | 20250626151232.0 |
| 008 - CAMPO DE TAMANHO FIXO | |
| fixed length control field | 250626b2017 bl.qr|pooa||| 00| 0 por | |
| 040 ## - FONTE DA CATALOGAÇÃO | |
| Agência catalogadora | BR-BrBNA |
| Idioma da catalogação | por |
| 072 ## - CATEGORIA AGRIS | |
| Código AGRIS | F04 |
| Código do objeto | 1660 |
| 072 ## - CATEGORIA AGRIS | |
| Código AGRIS | F61 |
| Código do objeto | 1690 |
| 100 ## - ENTRADA PRINCIPAL - NOME PESSOAL | |
| Nome pessoal | Laurett, Luciene |
| 100 ## - ENTRADA PRINCIPAL - NOME PESSOAL | |
| Nome pessoal | Fernandes, Adriano Alves |
| 100 ## - ENTRADA PRINCIPAL - NOME PESSOAL | |
| Nome pessoal | Schmildt, Edilson Romais |
| 100 ## - ENTRADA PRINCIPAL - NOME PESSOAL | |
| Nome pessoal | Almeida, Camila Pinto de |
| 100 ## - ENTRADA PRINCIPAL - NOME PESSOAL | |
| Nome pessoal | Pinto, Maria Luiza Pereira Barbosa |
| 245 ## - TÍTULO PRINCIPAL | |
| Título principal | Desempenho da alface e da rúcula em diferentes concentrações de ferro na solução nutritiva |
| 500 ## - NOTA GERAL | |
| Nota geral | <br/><br/>Publicação online; 30 ref.; Summaries (En, Pt) |
| 942 ## - ADDED ENTRY ELEMENTS (KOHA) | |
| Koha item type | Analítica |
| 520 ## - NOTA DE RESUMO | |
| Nota de conteúdo | <br/><br/><br/>RESUMO: Os micronutrientes são requeridos pelas plantas em pequenas quantidades, porém são essenciais para seu crescimento e desenvolvimento. O ferro é um micronutriente importante para a alimentação humana principalmente na prevenção de anemia. Assim, objetivou-se com este trabalho avaliar o desempenho da alface e da rúcula com doses crescentes de ferro na solução nutritiva. Foram instalados dois experimentos em hidroponia, um para cada cultura. O delineamento experimental utilizado foi em blocos ao acaso, com cinco tratamentos e seis repetições. Os tratamentos foram representados por concentrações crescentes de Fe: 45 (controle), 90; 135; 180; 225 μmol.L-1. Aos 27 e 30 dias após o transplantio para rúcula “Rococó” e alface “Vitória de Santo Antão”, respectivamente, foram avaliadas: matéria fresca da parte aérea, número de folhas, área foliar, matéria fresca da raiz, volume da raiz, matéria seca da parte aérea, matéria seca da raiz. Os dados foram submetidos à análise de variância e de regressão. A produção de matéria fresca da parte aérea da alface e da rúcula diminuiu consideravelmente com o aumento da concentração de ferro na solução. Para a alface, a redução foi de 83,60% na concentração de 180 μmol.L-1 de Fe, e para a rúcula foi de 67,86%, na concentração de 225 μmol.L-1 de Fe. Considerando que as demais variáveis biométricas também reduziram seus valores com o aumento da concentração de Fe na solução nutritiva, recomenda-se o uso da concentração de 45 μmol.L-1 de Fe para o cultivo da alface “Vitoria de Santo Antão” e da rúcula “Rococó” em sistema hidropônico. <br/><br/><br/>PALAVRAS-CHAVE: Nutrição de plantas, Toxidez, Micronutriente |
| 520 ## - NOTA DE RESUMO | |
| Nota de conteúdo | <br/><br/><br/>ABSTRACT: Micronutrients are required by plants in small quantities, but are essential for their growth and development. Iron is an important micronutrient for human consumption, mainly in the prevention of anemia. The study aimed to evaluate the performance of lettuce and arugula with increasing doses of iron in the nutrient solution. Two experiments in hydroponics, one for each culture were installed. The experimental design was in randomized blocks with five treatments and six replications. The treatments consisted in increasing concentrations of iron 45 (control), 90; 135; 180; 225 μmol.L-1. Arugula and lettuce were evaluated 27 and 30 days after transplanting, respectively, regarding: shoot fresh matter, number of leaves, leaf area, root fresh matter, root volume, shoot dry matter and root dry matter. The data was submitted to variance and regression analysis. The production of shoot fresh matter of lettuce and arugula decreased significantly with increasing iron concentration. Lettuce showed reduction of 83.60% in the concentration of 180 μmol.L-1 Fe and arugula showed a reduction of 67.86% in the concentration of 225 μmol.L-1 Fe. Considering that the other biometric variables also reduced their values with the increase of Fe concentration, we recommend the use of the concentration of 45 μmol.L-1 Fe for the cultivation of Vitória de Santo Antão lettuce and Rococó arugula in a hydroponic system. <br/><br/><br/>KEYWORDS: Plant nutrition, Toxicity, Micronutrient |
| 650 ## - ASSUNTO - THESAGRO | |
| Cabeçalho tópico ou nome geográfico | CULTIVO HIDROPÔNICO |
| 650 ## - ASSUNTO - THESAGRO | |
| Cabeçalho tópico ou nome geográfico | ALFACE |
| 650 ## - ASSUNTO - THESAGRO | |
| Cabeçalho tópico ou nome geográfico | RÚCULA |
| 650 ## - ASSUNTO - THESAGRO | |
| Cabeçalho tópico ou nome geográfico | SOLUÇÃO NUTRITIVA |
| 650 ## - ASSUNTO - THESAGRO | |
| Cabeçalho tópico ou nome geográfico | FERRO |
| 650 ## - ASSUNTO - THESAGRO | |
| Cabeçalho tópico ou nome geográfico | ABSORÇÃO DE NUTRIENTES |
| 773 0# - ENTRADA ANALÍTICA | |
| Host Biblionumber | 3551 |
| Registro do item | 345992 |
| Imprenta | Belém-PA Faculdade de Ciências Agrárias do Pará 1999 |
| Outro identificador | 2024-6641 |
| Título | Revista de Ciências Agrárias (Brazil) |
| ISSN | 1517-591X Impresso/Versão online ISSN 2177-8760 |
| Colação | v. 60(1) p. 45-52; (2017) |
| Número de controle de registro | BR2025003972 |
| 856 ## - ACESSO E ENDEREÇO ELETRÔNICO | |
| Identificador uniforme de recurso - URI | https://ajaes.ufra.edu.br/index.php/ajaes/article/view/2466/906 |
Nenhum exemplar disponível.

BINAGRI